00445nam a2200133Ia 4500100002300000942000700023654001300030245006600043260003000109082001700139546001200156999001700168952012600185 aSocha/J./ Hall/ D  cBK aComputer aP.C. World Dos 6.2. : Command reference & Problem Solver bGalgotiaaNew Delhic1994 a005.13 'DOS' aENGLISH c23340d23340 001040708CRCaCRCEbCRCEd2023-03-17eglobal booksg195.00l0o005.13 'DOS' p7051r2023-03-17v195.00w0000-00-00yBK